| 000 | 00766nam a2200265 a 4500 | ||
|---|---|---|---|
| 001 | 35110 | ||
| 003 | BD-RjUL | ||
| 005 | 20211209052249.0 | ||
| 008 | 140521s1996 maua b 001 0 eng d | ||
| 020 | _a0135607981 | ||
| 035 | _a(BD-RjUL)35204 | ||
| 040 |
_aDLC _cDLC _dDLC _dBD-RjUL _beng |
||
| 041 | _aeng | ||
| 082 | 0 | 0 |
_a302.23 _220 _bBIM 1996 |
| 100 | 1 |
_aBittner, John R., _d1943- _9106902 |
|
| 245 | 1 | 0 |
_aMass communication / _cJohn R. Bittner. |
| 250 | _a6th ed. | ||
| 260 |
_aBoston : _bAllyn & Bacon, _cc1996. |
||
| 300 |
_axxx, 514 p. : _bill. (some col.) ; _c26 cm. |
||
| 504 | _aIncludes bibliographical references (p. 489-498) and index. | ||
| 650 | 0 |
_aMass media. _9106903 |
|
| 942 |
_2ddc _cBK |
||
| 999 |
_c35110 _d35110 |
||